000 00707nam a2200229 a 4500
999 _c1166
_d1166
001 1166
003 BD-JhCC
005 20221124134023.0
008 171016s2011 bg |||| |||| 000 0 b d
020 _a9848681760
035 _a(BD-JhCC)1166
040 _aBD-JhCC
_dBD-JhCC
041 _aben
082 _a891.443
_bHUM 2011
100 _aআহমেদ, হুমায়ূন
245 _aচলে যায় বসন্তের দিন /
_c হুমায়ূন আহমেদ
260 _aঢাকা :
_bঅন্যপ্রকাশ,
_c২০১১.
300 _a১০৩ পৃ.:
_c২১ সেমি.
650 _aBengali Novel
942 _2ddc
_cBK
_020